Statistics for Municipalities of Fukui Prefecture

Click here to take the quiz!

General Stats

  • This quiz has been taken 61 times
  • The average score is 11 of 17

Answers on the Map

Answers color-coded by a green-red scale on the quiz's map according to % correct below.
 

Answer Stats

Answer% Correct
Fukui 福井
100%
Tsuruga 敦賀
79%
Echizen 越前
75%
Echizen 越前
75%
Obama 小浜
71%
Sabae 鯖江
71%
Sakai 坂井
71%
Awara あわら
67%
Ono 大野
67%
Katsuyama 勝山
54%
Minamiechizen 南越前
54%
Oi おおい
50%
Wakasa 若狭
50%
Eiheiji 永平寺
46%
Takahama 高浜
46%
Ikeda 池田
38%
Mihama 美浜
38%

Score Distribution

Percentile by Number Answered

Percent of People with Each Score

Your Score History

You have not taken this quiz